| 000 | 01337nam a22002297a 4500 | ||
|---|---|---|---|
| 999 |
_c59837 _d59837 |
||
| 003 | Ge_BSU | ||
| 005 | 20230426161620.0 | ||
| 008 | 230426s2001ge xxu||||| |||| 00| 0 geo d | ||
| 020 | _a9992865776 | ||
| 041 | _ageo | ||
| 080 | _a821.14'04.09 რ-26 | ||
| 100 |
_aრატიანი, ნესტან, ავტ. _917820 |
||
| 245 |
_aრიტუალის ასახვა ძველბერძნულ ლიტერატურაში : _b(ჰომეროსიდან ევრიპიდემდე) / _cნესტან რატიანი, [რედ. რისმაგ გორდეზიანი] |
||
| 264 |
_aთბილისი : _b ლოგოსი, _c 2001. |
||
| 300 |
_a247 გვ. ; _b20 სმ. |
||
| 504 | _aბიბლიოგრ. ტექსტის შენიშვნ | ||
| 653 | _aძველბერძნული ლიტერატურა. | ||
| 653 | _aრიტუალის ასახვა ლიტერატურაში | ||
| 700 |
_aგორდეზიანი, რისმაგ _eრედაქტორი _917821 |
||
| 710 |
_aთსუ, კლასიკ. ფილოლოგიის, ბიზანტინისტიკისა და ნეოგრეცისტიკის ინ-ტი _913952 |
||
| 942 |
_2udc _cBK |
||